[Event "Hampstead op U2200 06"]
[Site "Hampstead"]
[Date "2013.06.30"]
[Round "5"]
[White "Sheera, Sophia"]
[Black "Haddock, Paul"]
[Result "1/2-1/2"]
[WhiteElo "1338"]
[BlackElo "1684"]
[PlyCount "76"]
[EventDate "2013.06.29"]
[EventType "swiss"]
[EventRounds "5"]
[EventCountry "ENG"]
[SourceTitle "EXT 2014"]
[Source "ChessBase"]
[SourceDate "2013.11.20"]
[SourceVersion "1"]
[SourceVersionDate "2013.11.20"]
[SourceQuality "1"]

1. e4 e5 2. Nf3 Nc6 3. Bc4 Bc5 4. c3 Nf6 5. d4 exd4 6. cxd4 Bb4+ 7. Bd2 d5 8. exd5 Nxd5 9. Qb3 Be6 10. Bxb4 Ncxb4 11. Bxd5 Nxd5 12. Qxb7 Rb8 13. Qc6+ Qd7 14. Qc2 0-0 15. 0-0 Bf5 16. Qd2 f6 17. Nc3 Rfe8 18. Rfe1 Qd6 19. a3 Nf4 20. Nh4 Bd7 21. Rad1 Nd5 22. Nxd5 Qxd5 23. Qc3 Ba4 24. Rc1 Rxe1+ 25. Rxe1 c6 26. h3 Kf7 27. Nf3 Rb3 28. Qd2 Bb5 29. Re3 Rxe3 30. fxe3 Qe4 31. Qf2 h6 32. Nd2 Qc2 33. Nf3 Qe4 34. Qd2 Kg8 35. Qc3 Bd3 36. Qc1 Be2 37. Kf2 Bd3 38. Qc5 a6 1/2-1/2

[Event "Hampstead op U2200 06"]
[Site "Hampstead"]
[Date "2013.06.29"]
[Round "1"]
[White "Dydak, Mateusz"]
[Black "Sheera, Sophia"]
[Result "1-0"]
[WhiteElo "1892"]
[BlackElo "1338"]
[PlyCount "59"]
[EventDate "2013.06.29"]
[EventType "swiss"]
[EventRounds "5"]
[EventCountry "ENG"]
[SourceTitle "EXT 2014"]
[Source "ChessBase"]
[SourceDate "2013.11.20"]
[SourceVersion "1"]
[SourceVersionDate "2013.11.20"]
[SourceQuality "1"]

1. f4 d5 2. Nf3 Nf6 3. g3 c5 4. Bg2 Nc6 5. 0-0 Bf5 6. d3 Qd7 7. Ne5 Nxe5 8. fxe5 Ng4 9. Bf4 g5 10. Bxg5 Nxe5 11. d4 cxd4 12. Qxd4 f6 13. Bh4 Ng6 14. Nc3 Nxh4 15. Qxh4 0-0-0 16. Nxd5 Be6 17. Rad1 Qb5 18. c4 Qxb2 19. Rb1 Qd2 20. Rfd1 Qxe2 21. Qd4 Kb8 22. Re1 Qxa2 23. Qf4+ Rd6 24. Rxb7+ Kc8 25. Reb1 Kd8 26. Rb8+ Bc8 27. Bh3 Rc6 28. Bxc8 Rxc8 29. Rxc8+ Kxc8 30. Qc7# 1-0